00768nam a2200205 4500001000700000003000900007005001700016007000300033008004100036100002600077245009700103260003100200300002200231490004800253700003100301830005600332852003300388999001900421952012200440149125ES-MaACL20230906202947.0t|070214s1977 fr r ||||1| fre d1 aSzabo, Arpad.918754114aLes débuts des mathématiques grecques / cArpád Szabo ; traduit par Michel Federspiel. aParis : bJ. Vrin, c1977. a403 p. ; c21 cm.1 aL'histoire des sciences. Textes et études1 aFederspiel, Michel.9490730 aL'histoire des sciences. Textes et études9177448 aES-MaACLjL-11192 bR.112912 c149125d149125 00104070aATENEOMbATENEOMcDEPO2d2008-01-17eSCl0oL-11192p1155615r2023-02-23 00:00:00w2023-02-23yMONOGRAFIA